El relicario de la Virgen del Cabello en el Monasterio de Quejana / (Record no. 121728)

MARC details
000 -LEADER
campo de control de longitud fija 00635nam a2200181 4500
001 - NÚMERO DE CONTROL
campo de control 121728
003 - IDENTIFICADOR DE NÚMERO DE CONTROL
campo de control ES-MaACL
005 - FECHA Y HORA DE LA ÚLTIMA TRANSACCIÓN
campo de control 20230906191817.0
007 - CAMPO FIJO DE DESCRIPCIÓN FÍSICA--INFORMACIÓN GENERAL
campo de control de longitud fija t|
008 - DATOS DE LONGITUD FIJA--INFORMACIÓN GENERAL
campo de control de longitud fija 070214s1961 sp r ||||1| spa d
100 1# - ENTRADA PRINCIPAL--NOMBRE DE PERSONA
Nombre de persona Portilla, Micaela.
9 (RLIN) 93247
245 13 - MENCIÓN DEL TÍTULO
Título El relicario de la Virgen del Cabello en el Monasterio de Quejana /
Mención de responsabilidad, etc. por Micaela Portilla.
260 ## - PUBLICACIÓN, DISTRIBUCIÓN, ETC.
Lugar de publicación, distribución, etc. Vitoria :
Nombre del editor, distribuidor, etc. [s.n.],
Fecha de publicación, distribución, etc. 1961 (
Fabricante Imp. Montepío Diocesano)
300 ## - DESCRIPCIÓN FÍSICA
Extensión 9 h., 2 lám. ;
Dimensiones 24 cm.
500 ## - NOTA GENERAL
Nota general Precede al Tit : Diputación Foral de Alava. Consejo de Cultura.
710 1# - ENTRADA AGREGADA--NOMBRE DE ENTIDAD CORPORATIVA
Nombre de entidad corporativa o nombre de jurisdicción como elemento de entrada Álava.
Unidad subordinada Consejo de Cultura.
9 (RLIN) 1309
852 ## - LOCALIZACIÓN
Ubicación ES-MaACL
Número de control de estantería 2014-F-20
Sublocalización o colección R.48167
Holdings
Estatus retirado Estado de pérdida Estado de daño No para préstamo Colección Biblioteca de origen Biblioteca actual Ubicación en estantería Fecha de adquisición Fuente de adquisición Total de préstamos Signatura topográfica completa Código de barras Visto por última vez Precio de reemplazo Tipo de ítem Koha
        Colección de folletos Biblioteca del Ateneo de Madrid Biblioteca del Ateneo de Madrid Depósito folletos 17/01/2008     2014-F-20 1126853 23/02/2023 23/02/2023 Folleto